|
|
|
|
| LEADER |
00000nam0a2200000 4500 |
| 001 |
100922 |
| 005 |
20231031112320.0 |
| 035 |
|
|
|a (RuTPU)RU\TPU\book\108629
|
| 090 |
|
|
|a 100922
|
| 100 |
|
|
|a 20060829d1965 m y0rusy50 ca
|
| 101 |
0 |
|
|a rus
|
| 102 |
|
|
|a RU
|
| 105 |
|
|
|a a z 001zy
|
| 200 |
1 |
|
|a Новые методы пиролиза древесины
|f А. К. Славянский
|
| 210 |
|
|
|a Москва
|c Лесная промышленность
|d 1965
|
| 215 |
|
|
|a 253 с.
|c ил.
|
| 320 |
|
|
|a Библиогр.: с. 249-251.
|
| 610 |
1 |
|
|a древесина
|
| 610 |
1 |
|
|a пиролиз
|
| 610 |
1 |
|
|a жидкие теплоносители
|
| 610 |
1 |
|
|a переработка
|
| 610 |
1 |
|
|a предпиролиз
|
| 610 |
1 |
|
|a фурфурол
|
| 610 |
1 |
|
|a получение
|
| 675 |
|
|
|a 661.71
|v 3
|
| 700 |
|
1 |
|a Славянский
|b А. К.
|g Алексей Константинович
|
| 801 |
|
1 |
|a RU
|b 63413507
|c 20060829
|g PSBO
|
| 801 |
|
2 |
|a RU
|b 63413507
|c 20070116
|g PSBO
|
| 942 |
|
|
|c BK
|